Človek a viera
| Format: | Book |
|---|---|
| Language: | Slovak |
| PhysicalDescription: | [4] s. 21 cm |
| Published: |
Liptovský Sv. Mikuláš
Mikuláš Kováč
[1930?]
|
| Subjects: |
MARC
| LEADER | 00000nam a2200000 a 4500 | ||
|---|---|---|---|
| 001 | vtls001226212 | ||
| 003 | SK-MaSNL | ||
| 005 | 20260301064012.0 | ||
| 008 | 180812s1930 xo 0 slo | ||
| 035 | |a SNK000173211 | ||
| 040 | |a SNK |b slo |c SNK |e AACR2 | ||
| 041 | 0 | |a slo | |
| 044 | |a xo |c SK | ||
| 080 | |a 659.1 |2 1981 | ||
| 245 | 1 | |a Človek a viera | |
| 260 | |a Liptovský Sv. Mikuláš |b Mikuláš Kováč |c [1930?] |e Liptovský Sv. Mikuláš |f Klimeš a Pivko | ||
| 300 | |a [4] s. |c 21 cm | ||
| 650 | 0 | 7 | |a materiály informačné |2 SNK |9 283411 |
| 958 | |a OND | ||
| 999 | |c 625539 |d 627469 | ||
| 952 | |t P60, <03>, [BOOK], {603} |a SNK |b SNK |y PREZ |7 0 |p 17A0003854 |o snkOSC 18054 |i snkK 2173/95 |0 0 |1 0 |4 0 |d 1996-05-09 |l 0 |r 2005-01-01 00:00:00 |w 2026-02-23 | ||


